|
|
|
|
| LEADER |
00898nam a2200253 a 4500 |
| 001 |
11972877 |
| 008 |
100124s1999 ii b b 001 0 eng d |
| 010 |
|
|
|a 99947891
|
| 020 |
|
|
|a 817033542X
|
| 020 |
|
|
|a 8170335357 (pbk.)
|
| 040 |
|
|
|a DLC
|c DLC
|d DB-DhAAL
|
| 082 |
0 |
0 |
|a 305.5/0954
|2 21
|
| 100 |
1 |
|
|a Ahmad, Aijazuddin.
|
| 245 |
1 |
0 |
|a Social geography /
|c Aijazuddin Ahmad.
|
| 260 |
|
|
|a Jaipur :
|b Rawat Publications,
|c 1999.
|
| 300 |
|
|
|a 454 p. :
|b maps ;
|c 22 cm.
|
| 504 |
|
|
|a Includes bibliographical references (p. [436]-449) and index.
|
| 541 |
1 |
|
|e 00010797
|
| 650 |
|
0 |
|a Social structure
|z India.
|
| 650 |
|
0 |
|a Human geography
|z India.
|
| 650 |
|
0 |
|a Land use
|z India.
|
| 852 |
4 |
|
|a Ayesha Abed Library
|j General Shelf.
|
| 999 |
|
|
|c 7135
|d 7135
|
| 952 |
|
|
|0 0
|1 0
|2 ddc
|4 0
|6 305_509540000000000_AHM_1999
|7 0
|9 7410
|a BRACUL
|b BRACUL
|c GEN
|d 2010-01-24
|l 0
|o 305.50954 AHM
|p 3010010797
|r 2010-01-24
|t 1
|w 2010-01-24
|y BK
|